| 000 | 02016nam0a2200421 4500 | ||
|---|---|---|---|
| 001 | RU\NLR\bibl\261491 | ||
| 005 | 20260407080412.0 | ||
| 010 |
_a5-7035-2496-2 _91000 |
||
| 021 |
_aRU _b2002-2392 _9116 |
||
| 035 | _a(NLR Aleph) 000257131 | ||
| 090 |
_a1501389 _c1501389 |
||
| 100 | _a20020426d2001 |||y0rusy50 ca | ||
| 101 | 0 | _arus | |
| 102 | _aRU | ||
| 105 | _ay ||||||||| | ||
| 200 | 1 |
_aФилософия науки _eУчеб. пособие _f[Е.Ю. Бельская, Н.П. Волкова, М.А. Иванов] _gПод ред. д.филос.н., проф. Ю.В. Крянева и др. _gМ-во образования Рос. Федерации, Моск. гос. авиац. ин-т (техн. ун-т) |
|
| 210 |
_aМ. _cИзд-во МАИ _d2001 |
||
| 215 |
_a48, [1] с. _d20 |
||
| 320 | _aБиблиогр. в конце разд. | ||
| 606 | 0 |
_aНаука _jРуководства, пособия и т.п. для высшей школы _xФилософия _91680858 _3RU\NLR\auth\66746272 |
|
| 606 | 1 |
_aФилософия науки _jУчебные издания для высшей школы _92167523 _3RU\NLR\AUTH\6601540803 |
|
| 610 | 0 | _aНаука - Философские проблемы | |
| 675 |
_a001:1 _v3 _zrus |
||
| 686 |
_a12 _2rugasnti |
||
| 686 |
_a87 _2rubbk |
||
| 686 | _aЮ25я73 | ||
| 701 | 1 |
_aБельская _bЕ. Ю. _gЕлена Юрьевна _4070 |
|
| 701 | 1 |
_aВолкова _bН. П. _gНина Петровна _4070 |
|
| 701 | 1 |
_4070 _8rus _7ca _aИванов _bМ. А. _cканд. филос. наук _gМихаил Алексеевич _3RU\NLR\auth\77108634 _991559 |
|
| 702 | 1 |
_aКрянев _bЮ. В. _gЮрий Витальевич _4340 |
|
| 712 | 0 | 2 |
_4570 _aМосковский авиационный институт _3RU\NLR\AUTH\885850 _9283420 |
| 801 | 0 |
_aRU _bRKP _c20020426 _gPSBO |
|
| 801 | 1 |
_aRU _bRKP _c20020426 |
|
| 801 | 2 |
_aRU _bNLR _c20120215 _grcr |
|
| 942 | _cBOOK | ||
| 980 | _aNB | ||